| 000 | 01201nam a2200229Ia 4500 | ||
|---|---|---|---|
| 001 | L150-14454 | ||
| 003 | IT-CnALBA | ||
| 008 | 170116s9999||||xx |||||||||||||| ||und|| | ||
| 040 |
_aIT-CnALBA _cIT-CnALBA |
||
| 041 | _aITALIANO | ||
| 100 | _aVON HAYEK FRIEDRICH AUGUST | ||
| 245 | 0 | _aL'ORDINE SENSORIALE. FONDAMENTI DELLA PSICOLOGIA TEORICA. | |
| 250 | _a1a ed. | ||
| 260 |
_aMILANO _bRUSCONI, EDITORE _c1990 [1° Ed.:1990] |
||
| 300 | _a292 p. (prefazione: 5) | ||
| 500 | _aTRADUZIONE DALL'INGLESE DI LINA GALLINA. MONDO FENOMENICO E MONDO FISICO. LINEAMENTI DELLA TEORIA. SISTEMA NERVOSO E CLASSIFICAZIONE. SENSAZIONE E COMPORTAMENTO. LE EMOZIONI. ORDINE MENTALE. COSCIENZA E PENSIERO CONCETTUALE. CONSEGUENZE FILOSOFICHE. BIBLI | ||
| 501 | _aSocietà San Paolo EM - Piazza San Paolo, 14 - 12051 ALBA (CN) (non commercial uses only) ® Copyright 2017 | ||
| 520 | _aTRADUZIONE DALL'INGLESE DI LINA GALLINA. MONDO FENOMENICO E MONDO FISICO. LINEAMENTI DELLA TEORIA. SISTEMA NERVOSO E CLASSIFICAZIONE. SENSAZIONE E COMPORTAMENTO. LE EMOZIONI. ORDINE MENTALE. COSCIENZA E PENSIERO CONCETTUALE. CONSEGUENZE FILOSOFICHE. BIBLI | ||
| 650 | _aPSICOLOGIA | ||
| 942 | _cBK | ||
| 957 | _71 | ||
| 999 |
_a19206 _bNO _g Copie: 1 _c273628 _d273628 |
||